000 00687nam a2200181 i 4500
001 89527
003 ES-MaACL
005 20230906180217.0
007 t|
008 050111s1953 sp ||||1| spa d
100 1 _aLasala Millaruelo, Jesús de.
_970409
245 1 0 _aCurso de geometría descriptiva
_b: sistemas de representación /
_cpor Jesús de Lasala Millaruelo y Francisco Marcos de Lanuza.
260 _aMadrid :
_bSociedad Anónima Española de Traductores y Autores,
_c1953 (
_fNuevas Gráficas)
300 _aXI, 446 p. :
_bil. ;
_c25 cm.
650 4 _aGeometría descriptiva.
_9136182
700 1 _aMarcos de Lanuza, Francisco.
_976526
852 _aES-MaACL
_jC-5718
_bR.35308
999 _c89527
_d89527